[Event "Druzynowe Mistrzostwa Polski - II Liga 2023"]
[Site "Jastrzebia Gora"]
[Date "1899-12-30"]
[Round "4.77"]
[White "Lewandowski, Marek"]
[Black "Bernat, Marcin"]
[Result "0-1"]
[WhiteTitle "I+"]
[BlackTitle "k"]
[WhiteElo "1743"]
[BlackElo "1959"]

1. e4 e6 2. Nf3 d5 3. e5 c5 4. b4 d4 5. a3 Nc6 6. b5 Na5 7. d3 Ne7 8. c4 dxc3 9.
Nxc3 Nf5 10. Bb2 b6 11. Be2 Bb7 12. O-O Be7 13. Ne4 O-O 14. Ng3 Qd5 15. Nxf5 exf5
16. Ne1 Qb3 17. Qxb3 Nxb3 18. Rd1 Rad8 19. Nc2 f4 20. Bc3 Nd4 21. Nxd4 cxd4 22.
Bb2 Rfe8 23. Bg4 g6 24. Rfe1 h5 25. Bh3 Rd5 26. Re2 Bd6 27. Bd7 Rexe5 28. Rxe5
Bxe5 29. Bc6 Bxc6 30. bxc6 Rc5 31. Rc1 Kf8 32. Kf1 Ke7 33. Re1 Kd6 34. g3 f3 35.
a4 Rxc6 36. Ba3+ Kd5 37. Rb1 Rc3 38. Be7 Rxd3 39. a5 Bc7 40. axb6 Bxb6 41. Ke1
Ba5+ 42. Kf1 Bc3 43. h3 a5 44. g4 hxg4 45. hxg4 Rd2 46. Kg1 Kc4 47. g5 Rb2 48.
Rc1 Re2 49. Bf6 Re1+ 0-1

[Event "Druzynowe Mistrzostwa Polski - II Liga 2023"]
[Site "Jastrzebia Gora"]
[Date "1899-12-30"]
[Round "4.78"]
[White "Kostecka, Marika"]
[Black "Sivickis, Wiktoria"]
[Result "1/2-1/2"]
[WhiteTitle "WCM"]
[BlackTitle "I++"]
[WhiteElo "1928"]
[BlackElo "1684"]

1. e4 c5 2. Nf3 d6 3. d4 cxd4 4. Nxd4 Nf6 5. Nc3 a6 6. Be3 Ng4 7. Bc1 Nf6 8. f3
e5 9. Nb3 Be6 10. Be3 Be7 11. Qd2 b5 12. g4 d5 13. exd5 Nxd5 14. Nxd5 Bxd5 15.
Bg2 Bh4+ 16. Bf2 Bg5 17. Be3 Bh4+ 18. Bf2 Bg5 19. Qd3 O-O 20. Rd1 Bc6 21. Qxd8
Rxd8 22. Rxd8+ Bxd8 23. Nc5 Ba5+ 24. c3 Nd7 25. Nxd7 Bxd7 26. O-O Bc6 27. Rd1
Rd8 28. Rxd8+ Bxd8 29. h4 Be7 30. Bg3 Bc5+ 31. Kf1 f6 32. Bf2 Bxf2 33. Kxf2 Kf7
34. Bf1 Ke6 35. Bd3 g6 36. Ke3 f5 37. Bc2 fxg4 38. fxg4 Kd6 39. Bd3 Kc5 40. Bc2
Kd6 41. Bd3 Kc5 42. h5 gxh5 43. gxh5 h6 44. Bg6 1/2-1/2

[Event "Druzynowe Mistrzostwa Polski - II Liga 2023"]
[Site "Jastrzebia Gora"]
[Date "1899-12-30"]
[Round "4.79"]
[White "Markiewicz, Jerzy"]
[Black "Luba, Lukasz"]
[Result "1/2-1/2"]
[WhiteTitle "FM"]
[BlackTitle "k"]
[WhiteElo "2159"]
[BlackElo "2054"]

1. e4 d5 2. exd5 Nf6 3. d4 Bg4 4. f3 Bf5 5. Bb5+ Nbd7 6. c4 a6 7. Ba4 b5 8. cxb5
axb5 9. Bxb5 Nxd5 10. Nc3 Nb4 11. Ne4 c6 12. Bc4 Nf6 13. Ne2 Nxe4 14. fxe4 Bxe4
15. O-O e6 16. a3 Bd6 17. Bf4 Nc2 18. Rc1 Bxf4 19. Rxf4 Ne3 20. Qb3 Qg5 21. g3
Nxc4 22. Qxc4 Bd5 23. Qc5 Qe7 24. Nc3 Qxc5 25. dxc5 g5 26. Rb4 1/2-1/2

[Event "Druzynowe Mistrzostwa Polski - II Liga 2023"]
[Site "Jastrzebia Gora"]
[Date "1899-12-30"]
[Round "4.80"]
[White "Laszewicz, Pawel"]
[Black "Zaskalski, Arkadiusz"]
[Result "1-0"]
[WhiteTitle "k"]
[BlackTitle "k"]
[WhiteElo "1997"]
[BlackElo "2085"]

1. e4 c5 2. Nf3 Nc6 3. d4 cxd4 4. Nxd4 Nf6 5. Nc3 g6 6. Be3 Bg7 7. Be2 O-O 8. Qd2
d6 9. O-O-O Nxd4 10. Bxd4 Be6 11. Kb1 b5 12. f3 b4 13. Nd5 Bxd5 14. exd5 Qa5 15.
Bc4 Rfc8 16. Qe2 Rc7 17. b3 Rac8 18. Rhe1 Ne8 19. Be5 Bf6 20. Bxf6 Kg7 21. Rd4+
Nxf6 22. Qd2 Qb6 23. g4 a5 24. g5 Nd7 25. Rxe7 Ne5 26. Rxc7 Rxc7 27. Be2 Rc3 28.
f4 Nd7 29. a3 Qc5 30. axb4 axb4 31. Re4 Nb6 32. Qd4+ Qxd4 33. Rxd4 Rh3 34. Bd3
Rxh2 35. Rxb4 Nxd5 36. Rd4 Nc3+ 37. Kb2 Nd1+ 38. Kc1 Nf2 39. Rxd6 Rh4 40. Kd2
Rxf4 41. Ke3 Nxd3 42. Kxd3 Rf5 43. b4 Rxg5 44. Kc4 Rg2 45. Kb3 h5 46. b5 h4 47.
Rd1 h3 48. c4 h2 49. Rh1 g5 50. c5 g4 51. b6 g3 52. b7 Rg1 53. b8=Q Rxh1 54. Qxg3+
Kf8 55. Qd6+ Kg7 56. Qe5+ Kg8 57. Qg5+ Kf8 58. Qh6+ Kg8 59. Kb2 1-0

[Event "Druzynowe Mistrzostwa Polski - II Liga 2023"]
[Site "Jastrzebia Gora"]
[Date "1899-12-30"]
[Round "4.81"]
[White "Augustyn, Sebastian"]
[Black "Majocha, Piotr"]
[Result "1-0"]
[WhiteTitle "k"]
[BlackTitle "I++"]
[WhiteElo "2046"]
[BlackElo "2004"]

1. Nf3 c5 2. e4 Nc6 3. Bb5 e6 4. O-O Nge7 5. Re1 a6 6. Bxc6 Nxc6 7. d4 cxd4 8.
Nxd4 d6 9. c4 Be7 10. Nc3 O-O 11. Nxc6 bxc6 12. Bf4 e5 13. Be3 Be6 14. b3 f5 15.
exf5 Rxf5 16. Qe2 Qa5 17. Qd2 Kh8 18. Rad1 Qc7 19. f4 Raf8 20. fxe5 dxe5 21. Ne4
a5 22. Rf1 Rxf1+ 23. Rxf1 Rxf1+ 24. Kxf1 a4 25. Bc5 axb3 26. axb3 Bf5 27. Bxe7
Bxe4 28. Bd6 Qd7 29. Kg1 h6 30. h3 Qe6 31. Ba3 Bg6 32. Bb2 e4 33. Qxh6+ 1-0

[Event "Druzynowe Mistrzostwa Polski - II Liga 2023"]
[Site "Jastrzebia Gora"]
[Date "1899-12-30"]
[Round "4.82"]
[White "Sypien, Natan"]
[Black "Mirowska, Oliwia"]
[Result "1/2-1/2"]
[WhiteTitle "I"]
[BlackTitle "k"]
[WhiteElo "1770"]
[BlackElo "1976"]

1. e4 c5 2. Nf3 a6 3. c4 Nc6 4. d4 cxd4 5. Nxd4 e5 6. Nf5 d6 7. Ne3 g6 8. Nc3 Bh6
9. h4 Be6 10. h5 Bf4 11. g3 Bg5 12. Nc2 Bxc1 13. Rxc1 Nf6 14. h6 O-O 15. Be2 Rc8
16. b3 Qc7 17. Qd2 Rfd8 18. Kf1 Qe7 19. Rh4 b5 20. cxb5 axb5 21. Nxb5 d5 22. exd5
Nxd5 23. Qe1 Nf4 24. Kg1 Nb4 25. Rxf4 Nxc2 26. Rxc2 exf4 27. Rxc8 Rxc8 28. Bc4
Qf6 29. Nd6 Rd8 30. Ne4 Qe5 31. gxf4 Qxf4 32. Bxe6 fxe6 33. Ng3 Qf6 34. Kg2 Rf8
35. Qe3 e5 36. b4 Qf4 37. Qa7 Qxh6 38. b5 Qf4 39. a4 Qf3+ 40. Kg1 Qd1+ 41. Kg2
Qd5+ 42. Kg1 Ra8 43. Qe7 Rf8 44. Qa7 Rf7 45. Qe3 Qd1+ 46. Kg2 Qxa4 47. Qxe5 Qf4
48. Qc5 Qf3+ 49. Kg1 h5 50. Qd4 Qf6 51. Qe3 Qf3 52. Qd4 Qf4 53. Ne4 Kh7 54. Qd5
Kh6 55. b6 Rf5 56. Qa8 Qg4+ 1/2-1/2

[Event "Druzynowe Mistrzostwa Polski - II Liga 2023"]
[Site "Jastrzebia Gora"]
[Date "1899-12-30"]
[Round "4.83"]
[White "Tatarczany, Piotr"]
[Black "Szydelko, Michal"]
[Result "0-1"]
[WhiteTitle "II"]
[BlackTitle "I++"]
[WhiteElo "1622"]
[BlackElo "1731"]

1. d4 Nf6 2. Nf3 d5 3. c4 e6 4. Nc3 Be7 5. Bf4 O-O 6. e3 c6 7. Bd3 Nbd7 8. O-O
dxc4 9. Bxc4 b5 10. Bd3 Bb7 11. h3 a6 12. Rc1 c5 13. dxc5 Nxc5 14. Bb1 Rc8 15.
Qxd8 Rfxd8 16. Rfd1 Nd5 17. Nxd5 Bxd5 18. Be5 f6 19. Bc3 Bxf3 20. gxf3 Rxd1+ 21.
Rxd1 Na4 22. Rd7 Nxc3 23. bxc3 Bf8 24. Bc2 Rxc3 25. Bb3 Rc6 26. Ra7 Bc5 27. Rb7
Kf8 28. Kf1 Bb6 29. Ke2 a5 30. a4 b4 31. f4 e5 32. fxe5 fxe5 33. Bd5 Rc5 34. e4
Bc7 35. h4 Rc3 36. f3 Ke7 37. h5 Kd6 38. Kf2 Ra3 39. Rb5 Rxa4 40. Bb3 Ra3 41.
Bg8 Kc6 42. Rd5 h6 43. Be6 Bd6 44. f4 exf4 45. e5 Bc5+ 46. Kf1 Rf3+ 47. Ke2 Re3+
48. Kd2 b3 49. Rd8 Bb4+ 0-1

[Event "Druzynowe Mistrzostwa Polski - II Liga 2023"]
[Site "Jastrzebia Gora"]
[Date "1899-12-30"]
[Round "4.84"]
[White "Dmochowska, Agnieszka"]
[Black "Jalowiec, Halina"]
[Result "1-0"]
[WhiteTitle "WFM"]
[BlackTitle "WFM"]
[WhiteElo "2040"]
[BlackElo "1773"]

1. d4 Nf6 2. c4 d6 3. Nf3 Nbd7 4. Nc3 g6 5. e4 e5 6. Be2 Bg7 7. O-O O-O 8. Qc2
c6 9. Rd1 Qe7 10. Rb1 a5 11. a3 Re8 12. d5 c5 13. b4 axb4 14. axb4 b6 15. Nb5
Nf8 16. Bd2 Nh5 17. Ra1 Bg4 18. bxc5 bxc5 19. Ba5 Rab8 20. h3 Bxf3 21. Bxf3 f5
22. Bxh5 gxh5 23. exf5 h6 24. Ra3 Nh7 25. Nc7 Rec8 26. Ne6 Ng5 27. Rg3 h4 28.
Rg4 Rb7 29. Bd2 Bf6 30. Bxg5 hxg5 31. Qd2 Kf7 32. Nxg5+ Ke8 33. Ne4 Kf7 1-0

[Event "Druzynowe Mistrzostwa Polski - II Liga 2023"]
[Site "Jastrzebia Gora"]
[Date "1899-12-30"]
[Round "4.85"]
[White "Siwiec, Arkadiusz"]
[Black "Balinski, Damian"]
[Result "0-1"]
[WhiteTitle "I++"]
[BlackTitle "k"]
[WhiteElo "2211"]
[BlackElo "2196"]

1. d4 d5 2. c4 c6 3. Nf3 Nf6 4. Nc3 a6 5. a4 Bf5 6. Qb3 Ra7 7. a5 dxc4 8. Qxc4
e6 9. Nd2 Be7 10. e4 Bg6 11. Be2 Nbd7 12. f3 O-O 13. Nb3 Ne8 14. Be3 Nd6 15. Qa4
Ra8 16. Nc5 Nxc5 17. dxc5 Nb5 18. Nb1 Bf6 19. Ra2 Bd4 20. Bxd4 Nxd4 21. Nd2 e5
22. Nf1 Qg5 23. g3 Qc1+ 24. Kf2 Qxc5 25. Ne3 Kh8 26. Qc4 Qe7 27. Ra3 f5 28. exf5
Bxf5 29. Rc1 Be4 30. Ng2 Bd5 31. Qc5 Qg5 32. Qc3 Bxf3 33. Qc5 Bd5+ 0-1

[Event "Druzynowe Mistrzostwa Polski - II Liga 2023"]
[Site "Jastrzebia Gora"]
[Date "1899-12-30"]
[Round "4.86"]
[White "Zerebiec, Maurycy"]
[Black "Jankowiak, Tomasz"]
[Result "0-1"]
[WhiteTitle "I++"]
[BlackTitle "CM"]
[WhiteElo "1971"]
[BlackElo "2174"]

1. c4 e5 2. Nc3 Nf6 3. g3 d5 4. cxd5 Nxd5 5. Bg2 Nb6 6. Nf3 Nc6 7. e3 Be7 8. d4
exd4 9. Nxd4 Nxd4 10. Qxd4 Qxd4 11. exd4 c6 12. d5 Bd7 13. dxc6 Bxc6 14. Bxc6+
bxc6 15. O-O O-O-O 16. Be3 Rhe8 17. b3 Bf6 18. Rac1 Kb7 19. Rfe1 Rd3 20. Ne2 Nd5
21. Nf4 Rc3 22. Nxd5 cxd5 23. Rxc3 Bxc3 24. Rd1 d4 25. Bd2 Re2 26. Bxc3 dxc3 27.
Rc1 Rxa2 28. Rxc3 Kb6 29. Re3 a5 30. Re7 Rb2 31. Rxf7 Rxb3 32. Rxg7 a4 33. Rg8
Rb5 34. Ra8 Ra5 35. Rb8+ Kc5 36. Rb1 a3 37. Kg2 Kc4 38. g4 Kc3 39. h4 Kc2 40.
Ra1 Kb2 41. Re1 a2 42. g5 a1=Q 43. Rxa1 Rxa1 44. h5 Kc3 45. Kg3 Kd4 46. Kf4 Ra8
47. Kf5 Rf8+ 48. Ke6 Rxf2 49. g6 h6 50. g7 Rg2 51. Kf7 Ke5 52. Kg8 Kf6 53. Kh8
Kf7 54. Kh7 Rxg7+ 55. Kxh6 Rg3 56. Kh7 Rh3 57. h6 Rh4 58. Kh8 Rxh6# 0-1

[Event "Druzynowe Mistrzostwa Polski - II Liga 2023"]
[Site "Jastrzebia Gora"]
[Date "1899-12-30"]
[Round "4.87"]
[White "Jankowiak, Piotr"]
[Black "Grzesik, Norbert"]
[Result "1-0"]
[WhiteTitle "k"]
[BlackTitle "I++"]
[WhiteElo "2073"]
[BlackElo "1857"]

1. d4 Nf6 2. Bg5 d5 3. Bxf6 gxf6 4. e3 e5 5. c4 exd4 6. exd4 Qe7+ 7. Qe2 dxc4 8.
Qxe7+ Bxe7 9. Nc3 Nc6 10. O-O-O Na5 11. g3 Bf5 12. Bg2 O-O-O 13. Nd5 Rhe8 14.
Ne2 Bf8 15. Nec3 Bg7 16. Rhe1 Bd3 17. Ne7+ Kb8 18. b4 Bf8 19. Ncd5 Nc6 20. Nxc6+
bxc6 21. Rxe8 Rxe8 22. Nxf6 Rd8 23. Bxc6 Bxb4 24. d5 Kc8 25. h3 Bc5 26. Ng4 Ba3+
27. Kd2 Bf5 28. Kc3 Bd3 29. Ne5 Bc5 30. f4 Rg8 31. Nxd3 Rxg3 32. Kxc4 Be7 33.
Re1 Kd8 34. Nc5 1-0

[Event "Druzynowe Mistrzostwa Polski - II Liga 2023"]
[Site "Jastrzebia Gora"]
[Date "1899-12-30"]
[Round "4.88"]
[White "Kossobudzki, Robert"]
[Black "Grzeskow, Adrian"]
[Result "0-1"]
[WhiteTitle "I"]
[BlackTitle "I+"]
[WhiteElo "1965"]
[BlackElo "1955"]

1. b4 d5 2. Bb2 Bf5 3. Nf3 Nd7 4. e3 Ngf6 5. c4 e6 6. c5 a5 7. c6 bxc6 8. Nd4 axb4
9. Nxc6 Qc8 10. Bb5 Qb7 11. Qe2 Bd6 12. Bxf6 gxf6 13. Nd4 Bxb1 14. Rxb1 Rxa2 15.
Bc6 Qa6 16. Bb5 Qb6 17. Qh5 c5 18. Bxd7+ Kxd7 19. Qxf7+ Be7 20. Nf5 Qd8 21. Nxe7
Qxe7 22. Qh5 Rha8 23. Qe2 c4 24. O-O b3 25. e4 Rc2 26. exd5 exd5 27. Qg4+ Kc6
28. Rfe1 Qd7 29. Qd4 Re8 30. Qxf6+ Kb5 31. g3 Rxd2 32. Rxe8 Qxe8 33. Ra1 Qc8 34.
Qc3 Ra2 35. Rxa2 bxa2 36. Qb2+ Kc5 37. Qxa2 c3 38. Qa3+ Kd4 39. Qa7+ Qc5 40. Qg7+
Kd3 41. Qxh7+ Kd2 42. Qh6+ Kd1 43. Qh5+ Kc1 44. Qg5+ Kb2 45. Qe5 Kb3 46. Qb8+
Qb4 47. Qa8 d4 48. Qf3 Kb2 49. h4 c2 50. Qe2 Qb3 51. h5 d3 52. Qe5+ Kb1 53. g4
c1=Q+ 54. Kh2 d2 0-1

[Event "Druzynowe Mistrzostwa Polski - II Liga 2023"]
[Site "Jastrzebia Gora"]
[Date "1899-12-30"]
[Round "4.89"]
[White "Statucki, Maciej"]
[Black "Meller, Piotr"]
[Result "1-0"]
[WhiteTitle "I"]
[BlackTitle "I"]
[WhiteElo "1868"]
[BlackElo "1976"]

1. e4 c5 2. Nf3 Nc6 3. d4 cxd4 4. Nxd4 g6 5. Nc3 Bg7 6. Be3 Nf6 7. Bc4 O-O 8. Bb3
Qa5 9. f3 d6 10. Qd2 Bd7 11. O-O-O Rfc8 12. h4 Ne5 13. h5 Nc4 14. Bxc4 Rxc4 15.
hxg6 fxg6 16. Nb3 Qc7 17. Bd4 Rc8 18. Kb1 Bc6 19. g4 b5 20. g5 e5 21. Be3 Ne8
22. Rh2 b4 23. Nd5 Qf7 24. Na5 Bxd5 25. Qxd5 Qxd5 26. exd5 R4c7 27. Rdh1 Bf8 28.
Nc6 Rf7 29. Nxa7 Rb8 30. Nc6 Rb5 31. Rh3 Nc7 32. Nd8 Re7 33. f4 Nxd5 34. fxe5
Nxe3 35. Rxe3 Rbxe5 36. Rxe5 Rxe5 37. Rf1 Rxg5 38. Rxf8+ Kxf8 39. Ne6+ Kg7 40.
Nxg5 h5 41. a4 bxa3 42. bxa3 Kf6 43. a4 Kxg5 44. a5 1-0

[Event "Druzynowe Mistrzostwa Polski - II Liga 2023"]
[Site "Jastrzebia Gora"]
[Date "1899-12-30"]
[Round "4.90"]
[White "Dwilewicz, Agata"]
[Black "Czarniecka, Aleksandra"]
[Result "0-1"]
[WhiteTitle "k"]
[BlackTitle "m"]
[WhiteElo "1769"]
[BlackElo "2000"]

1. e4 c5 2. Ne2 d6 3. g3 g6 4. Bg2 Bg7 5. c3 Nc6 6. O-O e5 7. d3 Nge7 8. Be3 O-O
9. a4 Be6 10. Nd2 b6 11. c4 Qd7 12. Nc3 Bh3 13. f4 Bxg2 14. Kxg2 Rae8 15. Nf3
Bh6 16. Qd2 Nd4 17. Rae1 Bg7 18. Rd1 Qg4 19. h3 Qd7 20. fxe5 dxe5 21. Bh6 f6 22.
Bxg7 Kxg7 23. Rf2 Rd8 24. Qe3 Ndc6 25. Na2 Nc8 26. Rfd2 Nd6 27. Nc3 Nb4 28. b3
Rde8 29. Nd5 Nxd5 30. cxd5 f5 31. Ng5 f4 32. gxf4 exf4 33. Qf3 Kh8 34. Ne6 Rf6
35. e5 Nf5 36. Qe4 Ne3+ 37. Kh2 Rf5 38. Rg1 Nxd5 39. Ng5 Rexe5 40. Qg2 Rxg5 41.
Qf2 Rxg1 42. Qxg1 Re3 43. Qg2 Rg3 44. Qf1 Ne3 45. Qa1+ Kg8 0-1

[Event "Druzynowe Mistrzostwa Polski - II Liga 2023"]
[Site "Jastrzebia Gora"]
[Date "1899-12-30"]
[Round "4.91"]
[White "Janocha, Wieslaw"]
[Black "Liberadzki, Slawomir"]
[Result "1-0"]
[WhiteTitle "FM"]
[BlackTitle "k"]
[WhiteElo "2208"]
[BlackElo "1958"]

1. e4 c5 2. Nf3 e6 3. d4 cxd4 4. Nxd4 Nc6 5. Nb5 d6 6. c4 a6 7. N5c3 Nf6 8. Be2
Be7 9. O-O O-O 10. Be3 b6 11. Qb3 Nd7 12. Rd1 Nc5 13. Qc2 Bb7 14. a3 Rc8 15. b4
Nd7 16. Qb3 Kh8 17. Ra2 f5 18. exf5 exf5 19. Nd5 Nce5 20. Nbc3 Ng4 21. Bxg4 fxg4
22. Rad2 Bg5 23. Ne4 Bxe3 24. Qxe3 Ne5 25. Nxb6 Bxe4 26. Nxc8 Bxg2 27. Qxe5 Qxc8
28. Qxd6 g3 29. Qxf8+ Qxf8 30. hxg3 Bc6 31. Rd8 Be8 32. Re1 1-0

[Event "Druzynowe Mistrzostwa Polski - II Liga 2023"]
[Site "Jastrzebia Gora"]
[Date "1899-12-30"]
[Round "4.92"]
[White "Kuma, Boguslaw"]
[Black "Wieczorek, Mikolaj"]
[Result "0-1"]
[WhiteTitle "k"]
[BlackTitle "I++"]
[WhiteElo "2073"]
[BlackElo "1903"]

1. e4 c5 2. Nf3 d6 3. d4 cxd4 4. Nxd4 Nf6 5. Nc3 Nc6 6. Be2 e5 7. Nb3 Be7 8. Be3
O-O 9. f3 Be6 10. Nd5 Bxd5 11. exd5 Nb4 12. c4 a5 13. a3 Na6 14. Nd2 Nh5 15. Bf2
f5 16. g3 Nf6 17. Bd3 Nd7 18. Qb1 g6 19. h4 Nac5 20. Bc2 a4 21. h5 Bg5 22. Qd1
Qa5 23. Ke2 Rae8 24. Bxc5 Nxc5 25. b4 axb3 26. Nxb3 Nxb3 27. Bxb3 Qc5 28. Qg1
Qa5 29. Qe1 Qb6 30. Qc3 Qc5 31. Ra2 f4 32. hxg6 h6 33. g7 Rf6 34. Bc2 fxg3 35.
Raa1 Qf2+ 0-1

[Event "Druzynowe Mistrzostwa Polski - II Liga 2023"]
[Site "Jastrzebia Gora"]
[Date "1899-12-30"]
[Round "4.93"]
[White "Gibala, Adam"]
[Black "Pajak, Jakub"]
[Result "1-0"]
[WhiteTitle "I"]
[BlackTitle "I++"]
[WhiteElo "1828"]
[BlackElo "1863"]

1. d4 d5 2. c4 e6 3. Nf3 c6 4. Qc2 Nf6 5. g3 dxc4 6. Qxc4 b5 7. Qb3 Bb7 8. Bg2
Nbd7 9. O-O Qb6 10. a4 a6 11. Bd2 Be7 12. Nc3 O-O 13. Rfd1 Nd5 14. a5 Qa7 15.
e4 Nxc3 16. bxc3 c5 17. d5 c4 18. Qc2 Bc5 19. Bf4 exd5 20. exd5 Nf6 21. Ne5 Rad8
22. Nc6 Bxc6 23. dxc6 Rc8 24. Bf3 Qa8 25. Bd6 Bxd6 26. Rxd6 Rc7 27. Rad1 Qc8 28.
Kg2 Qe8 29. Qf5 Qe7 30. h4 h6 31. R1d4 Rfc8 32. g4 Ne8 33. Rd7 Qe6 34. Rxf7 Qxf5
35. Rxf5 Nf6 36. g5 hxg5 37. hxg5 Nh7 38. Bd5+ Kh8 39. g6 Nf8 40. Rxf8+ Rxf8 41.
Rh4# 1-0

[Event "Druzynowe Mistrzostwa Polski - II Liga 2023"]
[Site "Jastrzebia Gora"]
[Date "1899-12-30"]
[Round "4.94"]
[White "Koziol, Pawel"]
[Black "Nagly, Wojciech"]
[Result "1/2-1/2"]
[WhiteTitle "I++"]
[BlackTitle "I"]
[WhiteElo "1667"]
[BlackElo "1833"]

1. c4 c5 2. g3 Nc6 3. Bg2 g6 4. Nc3 Bg7 5. Nf3 e6 6. e3 Nge7 7. d4 cxd4 8. Nxd4
d5 9. cxd5 Nxd5 10. O-O O-O 11. Nxd5 exd5 12. b3 Qb6 13. Bb2 Rd8 14. Qd2 h5 15.
Rac1 a5 16. Nxc6 bxc6 17. Bxg7 Kxg7 18. Qc3+ d4 19. exd4 Qxd4 20. Bxc6 Ra7 21.
Qxd4+ Rxd4 22. Rfd1 Rxd1+ 23. Rxd1 Rc7 24. Be4 Re7 25. Bd3 Bg4 26. Rc1 Rd7 27.
Bb1 Bh3 28. Be4 Rd2 29. Ra1 Rb2 30. Bg2 Bf5 31. Bd5 Bh3 32. Bc4 Kf6 33. Bf1 Bf5
34. Bc4 1/2-1/2

[Event "Druzynowe Mistrzostwa Polski - II Liga 2023"]
[Site "Jastrzebia Gora"]
[Date "1899-12-30"]
[Round "4.95"]
[White "Dobrowolski, Kamil"]
[Black "Szymczak, Rafal"]
[Result "0-1"]
[WhiteTitle "II+"]
[BlackTitle "k"]
[WhiteElo "1648"]
[BlackElo "1843"]

1. e4 c6 2. d4 d5 3. Nc3 dxe4 4. Nxe4 Bf5 5. Ng3 Bg6 6. Nf3 Nd7 7. h4 h6 8. h5
Bh7 9. Bd3 Bxd3 10. Qxd3 Ngf6 11. Bd2 e6 12. O-O-O Bd6 13. Ne4 Nxe4 14. Qxe4 Qc7
15. Qg4 Rh7 16. Rhe1 O-O-O 17. Ne5 Nxe5 18. dxe5 Bc5 19. Qe4 Rhh8 20. Be3 Qa5
21. Bxc5 Qxc5 22. Qe3 Rxd1+ 23. Rxd1 Qxe3+ 24. fxe3 Rf8 25. Rd4 g5 26. hxg6 fxg6
27. g4 h5 28. Kd1 h4 29. g5 Rh8 30. Ke2 h3 31. Rd1 h2 32. Rh1 Rh5 33. Kf3 a5 34.
Ke4 Kc7 35. c4 Rh4+ 36. Kd3 Kb6 37. b3 Kc5 38. Kc3 b5 39. Kd3 Kb4 40. cxb5 cxb5
41. Kc2 Kc5 42. a4 bxa4 43. bxa4 Kd5 44. Kd3 Rh3 45. Ke2 Kxe5 46. Kf2 Rh5 47.
Kf3 Kf5 0-1

[Event "Druzynowe Mistrzostwa Polski - II Liga 2023"]
[Site "Jastrzebia Gora"]
[Date "1899-12-30"]
[Round "4.96"]
[White "Baranska, Monika"]
[Black "Popczynska, Michalina"]
[Result "1-0"]
[WhiteTitle "I++"]
[BlackTitle "I"]
[WhiteElo "1776"]
[BlackElo "1502"]

1. d4 Nf6 2. c4 e6 3. Bf4 c5 4. e3 cxd4 5. exd4 d5 6. Nf3 Nc6 7. Nc3 Bd6 8. Bxd6
Qxd6 9. c5 Qd8 10. Be2 O-O 11. O-O b6 12. Na4 Bd7 13. a3 Re8 14. Rc1 Ne4 15. b4
Ne7 16. b5 Ng6 17. c6 Bc8 18. Nc3 Nxc3 19. Rxc3 Nf4 20. Re1 Qf6 21. Bf1 Qg6 22.
g3 Qg4 23. Qd2 Nh3+ 24. Kg2 f6 25. Be2 Qf5 26. Bd3 Qg4 27. Bc2 a6 28. bxa6 Bxa6
29. Bd1 Ng5 30. Nxg5 Qxg5 31. Qxg5 fxg5 32. Bg4 Bc8 33. Rb1 Ra4 34. Rb4 Rxb4 35.
axb4 g6 36. b5 h5 37. Bd1 e5 38. Re3 e4 39. Bb3 Be6 40. f3 exf3+ 41. Kxf3 Kf7
42. Re5 g4+ 43. Kf4 Rd8 44. Kg5 Bf5 45. Rxd5 Rxd5 46. Bxd5+ Ke7 47. Bc4 Be4 48.
Kf4 Bc2 49. Ke5 Bf5 50. d5 Kd8 51. d6 h4 52. Be6 Bxe6 53. Kxe6 hxg3 54. hxg3 g5
55. d7 1-0

[Event "Druzynowe Mistrzostwa Polski - II Liga 2023"]
[Site "Jastrzebia Gora"]
[Date "1899-12-30"]
[Round "4.97"]
[White "Trzebinski, Patryk"]
[Black "Seifert, Henryk"]
[Result "1-0"]
[WhiteTitle "I++"]
[BlackTitle "FM"]
[WhiteElo "1916"]
[BlackElo "2106"]

1. c4 c5 2. Nc3 Nf6 3. g3 g6 4. Nf3 Nc6 5. Bg2 Bg7 6. O-O O-O 7. d4 cxd4 8. Nxd4
Nxd4 9. Qxd4 d6 10. Bd2 Ng4 11. Qe4 Rb8 12. b3 Bf5 13. Qf3 Ne5 14. Qe3 a6 15.
Rac1 Ng4 16. Qa7 Nf6 17. c5 e5 18. Rfd1 dxc5 19. Be3 Qc8 20. Bxc5 Rd8 21. Bd6
Ra8 22. Qxb7 Qxb7 23. Bxb7 Ra7 24. Bc5 1-0

[Event "Druzynowe Mistrzostwa Polski - II Liga 2023"]
[Site "Jastrzebia Gora"]
[Date "1899-12-30"]
[Round "4.98"]
[White "Malik, Maciej"]
[Black "Malinowski, Szymon"]
[Result "1-0"]
[WhiteTitle "k"]
[BlackTitle "I++"]
[WhiteElo "2023"]
[BlackElo "1902"]

1. e4 c5 2. d4 cxd4 3. c3 dxc3 4. Nxc3 Nc6 5. Nf3 e6 6. Bc4 Bb4 7. O-O Nge7 8.
Nb5 O-O 9. a3 Ba5 10. Nd6 a6 11. b4 Bc7 12. Bb2 b5 13. Bb3 Rb8 14. Qd2 Bb7 15.
Rfd1 Ba8 16. Qc3 f6 17. Ng5 Ne5 18. Qh3 fxg5 19. Bxe5 Bxd6 20. Rxd6 Qe8 21. Rxd7
Rb7 22. Qxe6+ Kh8 23. Qh6 Qg6 24. Qxg6 hxg6 25. Rad1 Kh7 26. Rxb7 Bxb7 27. Rd7
Rc8 28. h3 1-0

[Event "Druzynowe Mistrzostwa Polski - II Liga 2023"]
[Site "Jastrzebia Gora"]
[Date "1899-12-30"]
[Round "4.99"]
[White "Twardowski, Hubert"]
[Black "Miszczak, Dariusz"]
[Result "1/2-1/2"]
[WhiteTitle "I+"]
[BlackTitle "I+"]
[WhiteElo "1853"]
[BlackElo "1967"]

1. e4 c5 2. Nf3 d6 3. d4 cxd4 4. Nxd4 Nf6 5. Nc3 a6 6. Bd3 e5 7. Nb3 Be6 8. O-O
Be7 9. Be2 Nc6 10. Bg5 O-O 11. Bxf6 Bxf6 12. Nd5 Bxd5 13. Qxd5 Qc7 14. Qd2 b5
15. a4 Rab8 16. axb5 axb5 17. Ra6 Rfd8 18. Rfa1 Ne7 19. Ra7 Qc6 20. R1a6 Qxe4
21. Rxd6 Nf5 22. Rxd8+ Rxd8 23. Rd7 Rxd7 24. Qxd7 g6 25. Qd3 Qxd3 26. Bxd3 Nd6
27. Nd2 e4 28. Nxe4 Nxe4 29. Bxe4 Bxb2 30. Kf1 1/2-1/2

[Event "Druzynowe Mistrzostwa Polski - II Liga 2023"]
[Site "Jastrzebia Gora"]
[Date "1899-12-30"]
[Round "4.100"]
[White "Spyra, Piotr"]
[Black "Chmura, Eryk"]
[Result "0-1"]
[WhiteTitle "I"]
[BlackTitle "I++"]
[WhiteElo "1850"]
[BlackElo "1752"]

1. e4 c5 2. c3 e5 3. Nf3 Nc6 4. Bc4 Nf6 5. Ng5 d5 6. exd5 Nxd5 7. Qh5 g6 8. Qf3
Qxg5 9. Bxd5 Nd8 10. O-O Qe7 11. d4 cxd4 12. cxd4 exd4 13. b3 Be6 14. Re1 Bg7
15. Ba3 Qd7 16. Nd2 Nc6 17. Ne4 O-O-O 18. Bxc6 bxc6 19. Qg3 Qd5 20. Rac1 d3 21.
Rxc6+ Qxc6 22. Rc1 Qxc1+ 23. Bxc1 Rd5 24. Bd2 Rhd8 25. h3 R8d7 26. b4 Rc7 27.
Nc5 Bd4 28. Nxd3 Rc2 29. Be3 Bxe3 30. Qxe3 Rc3 31. Qxa7 Rdxd3 32. a4 Rd2 33. b5
Rcc2 34. Kh2 Rxf2 35. Kg3 Rxg2+ 36. Kf4 Rcf2+ 37. Ke3 Re2+ 38. Kd3 Bf5+ 39. Kc3
Rg3+ 40. Kb4 Re4+ 41. Ka5 Rd3 42. Qxf7 Rdd4 43. Kb6 Rd6+ 44. Ka5 Rdd4 45. Kb6
Rd6+ 46. Ka5 Rd7 47. Qf8+ Kb7 48. Qc5 Rdd4 49. Qc6+ Kb8 50. Qb6+ Kc8 51. Qc6+
Kb8 52. Qb6+ Kc8 53. Qc6+ Kd8 54. Qf6+ Kd7 55. Qg7+ Kd6 56. Qf6+ Be6 57. Qf8+
Ke5 58. Qc5+ Kf6 59. Qf8+ Bf7 60. Qh8+ Ke7 61. Qxh7 Rxa4+ 62. Kb6 Re6+ 63. Kc5
Rae4 64. Qh6 R4e5+ 65. Kb4 Rb6 66. Qh4+ g5 67. Qg3 Rbxb5+ 68. Ka4 Ra5+ 0-1

[Event "Druzynowe Mistrzostwa Polski - II Liga 2023"]
[Site "Jastrzebia Gora"]
[Date "1899-12-30"]
[Round "4.101"]
[White "Hladun, Bartlomiej"]
[Black "Wodecki, Daniel"]
[Result "1/2-1/2"]
[WhiteTitle "I"]
[BlackTitle "I"]
[WhiteElo "1693"]
[BlackElo "1905"]

1. Nf3 Nf6 2. d4 e6 3. g3 b6 4. c4 Bb7 5. Bg2 h6 6. O-O a5 7. a3 Be7 8. Nc3 Ne4
9. d5 Nxc3 10. bxc3 Bf6 11. Nd4 e5 12. Nb5 d6 13. Be3 Nd7 14. Rb1 Ba6 15. Qa4
O-O 16. h4 Be7 17. Qc2 Nf6 18. Bh3 Bc8 19. Bf5 Bxf5 20. Qxf5 Qc8 21. Qxc8 Raxc8
22. Na7 Rce8 23. f3 Nd7 24. Nc6 Bf6 25. Rbc1 Be7 26. Kg2 f5 27. Bf2 h5 28. Rg1
Kh7 29. Rgf1 g6 30. Be3 Bf6 31. Rfe1 Bg7 32. Bg5 Bh6 33. Bxh6 Kxh6 34. Rcd1 Nc5
35. Rd2 Rf7 36. Rdd1 Na4 37. Rc1 Kg7 38. Rc2 Nc5 39. Rd1 f4 40. Rg1 fxg3 41. e3
Kh6 42. Kxg3 Ref8 43. Rf1 g5 44. hxg5+ Kxg5 45. Rh2 Na4 46. f4+ exf4+ 47. exf4+
Rxf4 48. Rxf4 Rxf4 49. Rxh5+ Kxh5 50. Kxf4 Nxc3 51. Nd4 Nb1 52. Nb5 Nd2 53. Ke3
Nxc4+ 54. Kd4 Ne5 55. Nxc7 Kg6 56. Ne8 Nf7 57. Kc4 Kf5 58. Kb5 Ke4 59. Kxb6 1/2-1/2